| 000 | 00569nam a22002297a 4500 | ||
|---|---|---|---|
| 003 | OSt | ||
| 005 | 20240228120107.0 | ||
| 008 | 240228b |||||||| |||| 00| 0 eng d | ||
| 020 | _a978-93-5531-842-8 | ||
| 040 | _cTrident | ||
| 082 | _a547 | ||
| 100 |
_aDr.Jagdamba Singh _945374 |
||
| 245 | _aAdvanced Organic Chemistry | ||
| 250 | _a21st | ||
| 260 |
_aUttar Pradesh _bPragati Prakashan _c2023 |
||
| 300 | _axvi;808 | ||
| 500 | _aQuantity-5 | ||
| 650 | _aChemistry | ||
| 700 |
_aDr. L.D.S.Yadav _945375 |
||
| 710 |
_aJaya Singh _945376 |
||
| 942 |
_2ddc _cBK _n0 |
||
| 999 |
_c61109 _d61109 |
||